Les animaux en "T" - Statistiques

Statistiques générales
  • Ce quiz a été pris 1 699 fois
  • Le résultat moyen est 9 sur 21
Statistiques - réponses
Réponse % Correct
Tigre
80%
Tortue
79%
Tapir
64%
Taupe
62%
Taureau
52%
Truite
52%
Toucan
50%
Thon
49%
Taon
47%
Tamanoir
46%
Tarentule
46%
Tatou
43%
Tique
43%
Tourterelle
37%
Triton
34%
Tamarin
29%
Termite
28%
Tarsier
15%
Troglodyte
8%
Tamia
7%
Tenebrion
2%
Aucun quiz correspondant
Distribution des résultats
% des personnes avec chaque résultat
Percentile par nombre de réponses
Votre historique - résultats
Vous n’avez pas pris ce quiz